00572 a2200169 4500008004100000010001400041020002300055035001300078037001800091082001200109245007600121260004200197270008100239300003000320490003100350500002100381080822t xxu||||| |||| 00| 0 eng d aENG-85112 a8188689149c750.00 aEN-68645 bD.B.Act / Pub a612.014 aMedical physics and biomedical engineeringcby B. H. Brown ...[et. al.] aNew DelhibOverseas Press Indiac2005 a7/28, Ansari Road, Darya GanjbNew Delhie110 002moverseas@de13.vsnl.nic.in axxiv, 736p.b24cm. (Pbk) a Series in Medical Physics aincludes i ndex